000
00304nam a2200121Ia 4500
008
190802s9999 xx 000 0 und d
020
_a
978-969-664-0028
100
_a
Dr. Liaquat Niazi
245
0
_a
To The Point Pakistan Affairs
260
_a
Karachi
_b
World Times
_c
2017
300
_a
420:p
942
_c
BK
999
_c
2557
_d
2557